|
|
|
|
| LEADER |
00000cam a2200000 a 4500 |
| 001 |
UCH2717 |
| 003 |
CL-VaPUC |
| 008 |
090624e20070000MX |||||||||||||||||spa|d |
| 020 |
|
|
|a 9789706865830
|
| 082 |
0 |
4 |
|a 657.42
|b HAN
|2 21
|
| 100 |
|
|
|a Hansen, Don R
|e author
|9 537725
|
| 700 |
0 |
|
|a Mowen, Maryanne M
|e author
|9 537726
|
| 245 |
1 |
0 |
|a Administración de costos: contabilidad y control
|
| 250 |
|
|
|a 5a. ed
|
| 300 |
|
|
|a 1006 p
|
| 942 |
|
|
|c BK
|
| 945 |
|
|
|d 20090624 00:00:00
|a rbrito
|
| 260 |
|
|
|a Ciudad de México
|b Thomson
|c 2007
|
| 650 |
|
0 |
|a Contabilidad de costos
|9 260564
|
| 650 |
|
0 |
|a Sistemas de costos
|9 402347
|
| 650 |
|
0 |
|a Contabilidad administrativa
|9 402349
|
| 650 |
|
0 |
|a Presupuestos
|9 262669
|
| 650 |
|
0 |
|a Contabilidad financiera
|9 307017
|
| 650 |
|
7 |
|a GESTION DE COSTOS
|2 CL-VaPUC
|9 410565
|
| 583 |
|
|
|a last modification
|c 20170504 04:16:23
|k Rodrigo Vera
|
| 999 |
|
|
|c 334431
|d 334429
|
| 952 |
|
|
|0 0
|1 0
|4 0
|6 657_420000000000000_HAN_2007
|7 0
|8 R
|9 423434
|a BIBGIM
|b BIBGIM
|d 2019-11-22
|i 4565541
|o 657.42 HAN 2007
|p 4565541
|r 2025-01-15
|w 2019-11-22
|y BK_R
|k COM
|
| 952 |
|
|
|0 0
|1 0
|4 0
|6 657_420000000000000_HAN_2007
|7 0
|8 R
|9 423435
|a BIBGIM
|b BIBGIM
|d 2019-11-22
|i 456555K
|o 657.42 HAN 2007
|p 456555K
|r 2025-01-15
|w 2019-11-22
|y BK_R
|k COM
|
| 952 |
|
|
|0 0
|1 0
|4 0
|6 657_420000000000000_HAN_2007
|7 0
|8 R
|9 423436
|a BIBGIM
|b BIBGIM
|d 2019-11-22
|i 4565568
|o 657.42 HAN 2007
|p 4565568
|r 2025-01-15
|w 2019-11-22
|y BK_R
|k COM
|
| 952 |
|
|
|0 0
|1 0
|4 0
|6 657_420000000000000_HAN_2007
|7 0
|8 R
|9 423437
|a BIBGIM
|b BIBGIM
|d 2019-11-22
|i 4565576
|o 657.42 HAN 2007
|p 4565576
|r 2025-01-15
|w 2019-11-22
|y BK_R
|k COM
|
| 952 |
|
|
|0 0
|1 0
|4 0
|6 657_420000000000000_HAN_2007
|7 0
|8 R
|9 423438
|a BIBGIM
|b BIBGIM
|d 2019-11-22
|i 4565584
|o 657.42 HAN 2007
|p 4565584
|r 2025-01-15
|w 2019-11-22
|y BK_R
|k COM
|
| 952 |
|
|
|0 0
|1 0
|4 0
|6 657_420000000000000_HAN_2007
|7 0
|8 R
|9 423439
|a BIBGIM
|b BIBGIM
|d 2019-11-22
|i 4899172
|o 657.42 HAN 2007
|p 4899172
|r 2025-01-15
|w 2019-11-22
|y BK_R
|k COM
|
| 952 |
|
|
|0 0
|1 0
|4 0
|6 657_420000000000000_HAN_2007
|7 0
|8 R
|9 423440
|a BIBGIM
|b BIBGIM
|d 2019-11-22
|i 4899180
|o 657.42 HAN 2007
|p 4899180
|r 2025-01-15
|w 2019-11-22
|y BK_R
|k COM
|
| 952 |
|
|
|0 0
|1 0
|4 0
|6 657_420000000000000_HAN_2007
|7 0
|8 R
|9 423441
|a BIBGIM
|b BIBGIM
|d 2019-11-22
|i 4899199
|o 657.42 HAN 2007
|p 4899199
|r 2025-01-15
|w 2019-11-22
|y BK_R
|k COM
|
| 952 |
|
|
|0 0
|1 0
|4 0
|6 657_420000000000000_HAN_2007
|7 0
|8 R
|9 423442
|a BIBGIM
|b BIBGIM
|d 2019-11-22
|i 4899202
|o 657.42 HAN 2007
|p 4899202
|r 2025-01-15
|w 2019-11-22
|y BK_R
|k COM
|
| 952 |
|
|
|0 0
|1 0
|4 0
|6 657_420000000000000_HAN_2007
|7 0
|8 R
|9 423443
|a BIBGIM
|b BIBGIM
|d 2019-11-22
|i 4899210
|o 657.42 HAN 2007
|p 4899210
|r 2025-01-15
|w 2019-11-22
|y BK_R
|k COM
|
| 952 |
|
|
|0 0
|1 0
|4 0
|6 657_420000000000000_HAN_2007
|7 0
|8 R
|9 423444
|a BIBGIM
|b BIBGIM
|d 2019-11-22
|i 4932080
|o 657.42 HAN 2007
|p 4932080
|r 2025-01-15
|w 2019-11-22
|y BK_R
|k COM
|
| 952 |
|
|
|0 0
|1 0
|4 0
|6 657_420000000000000_HAN_2007
|7 0
|8 R
|9 423445
|a BIBGIM
|b BIBGIM
|d 2019-11-22
|i 4932099
|o 657.42 HAN 2007
|p 4932099
|r 2025-01-15
|w 2019-11-22
|y BK_R
|k COM
|
| 952 |
|
|
|0 0
|1 0
|4 0
|6 657_420000000000000_HAN_2007
|7 0
|8 R
|9 423446
|a BIBGIM
|b BIBGIM
|d 2019-11-22
|i 4932102
|o 657.42 HAN 2007
|p 4932102
|r 2025-01-15
|w 2019-11-22
|y BK_R
|k COM
|
| 952 |
|
|
|0 0
|1 0
|4 0
|6 657_420000000000000_HAN_2007
|7 0
|8 R
|9 423447
|a BIBGIM
|b BIBGIM
|d 2019-11-22
|i 4932110
|o 657.42 HAN 2007
|p 4932110
|r 2025-01-15
|w 2019-11-22
|y BK_R
|k COM
|
| 952 |
|
|
|0 0
|1 0
|4 0
|6 657_420000000000000_HAN_2007
|7 0
|8 R
|9 423448
|a BIBGIM
|b BIBGIM
|d 2019-11-22
|i 4932129
|o 657.42 HAN 2007
|p 4932129
|r 2025-01-15
|w 2019-11-22
|y BK_R
|k COM
|
| 952 |
|
|
|0 0
|1 0
|4 0
|6 657_420000000000000_HAN_2007
|7 0
|8 R
|9 423449
|a BIBGIM
|b BIBGIM
|d 2019-11-22
|i 4932137
|o 657.42 HAN 2007
|p 4932137
|r 2025-01-15
|w 2019-11-22
|y BK_R
|k COM
|
| 952 |
|
|
|0 0
|1 0
|4 0
|6 657_420000000000000_HAN_2007
|7 0
|8 R
|9 423450
|a BIBGIM
|b BIBGIM
|d 2019-11-22
|i 4932145
|o 657.42 HAN 2007
|p 4932145
|r 2025-01-15
|w 2019-11-22
|y BK_R
|k COM
|
| 952 |
|
|
|0 0
|1 0
|4 0
|6 657_420000000000000_HAN_2007
|7 0
|8 R
|9 423451
|a BIBGIM
|b BIBGIM
|d 2019-11-22
|i 4932153
|o 657.42 HAN 2007
|p 4932153
|r 2025-01-15
|w 2019-11-22
|y BK_R
|k COM
|